Природные очаги чумы Кавказа, Прикаспия, Средней Азии и Сибири (Запись № 1745356)

Подробности
000 -МАРКЕР
контрольное поле 02759nam0a2200469 4500
001 - ИДЕНТИФИКАТОР ЗАПИСИ
контрольное поле RU\NLR\bibl\604457
005 - ИДЕНТИФИКАТОР ВЕРСИИ
контрольное поле 20260407055818.0
010 ## - МЕЖДУНАРОДНЫЙ СТАНДАРТНЫЙ НОМЕР КНИГИ (ISBN)
Номер (ISBN) 5-225-04081-0
Тираж 500
021 ## - НОМЕР ГОСУДАРСТВЕННОЙ РЕГИСТРАЦИИ
Код страны российская федерация
Номер 2004-72397
Номер Листа государственной регистраци 3569
035 ## - ДРУГИЕ СИСТЕМНЫЕ НОМЕРА
Идентификатор записи (NLR Aleph) 000596385
100 ## - ДАННЫЕ ОБЩЕЙ ОБРАБОТКИ
Данные общей обработки 20050201d2004 |||y0rusy50 ca
101 0# - ЯЗЫК РЕСУРСА
Язык текста, звукозаписи и т.д. русский
Язык резюме английский
102 ## - СТРАНА ПУБЛИКАЦИИ ИЛИ ПРОИЗВОДСТВА
Страна публикации российская федерация
105 ## - ПОЛЕ КОДИРОВАННЫХ ДАННЫХ: ТЕКСТОВЫЕ МАТЕРИАЛЫ, МОНОГРАФИЧЕСКИЕ
Кодированные данные о монографическом текстовом документе a |||||||||
200 1# - ЗАГЛАВИЕ И СВЕДЕНИЯ ОБ ОТВЕТСТВЕННОСТИ
Основное заглавие Природные очаги чумы Кавказа, Прикаспия, Средней Азии и Сибири
Первые сведения об ответственности [Г.Г. Онищенко, Ю.М. Федоров, В.В. Кутырев и др.]
Последующие сведения об ответственности Под ред. акад. РАМН Г.Г. Онищенко, проф. В.В. Кутырева
-- Федер. служба по надзору в сфере защиты прав потребителей и благополучия человека и др.
210 ## - ПУБЛИКАЦИЯ, РАСПРОСТРАНЕНИЕ И ДР.
Место издания, распространения и т.д. М.
Имя издателя, распространителя и т. д. Медицина
Дата издания, распространения и т.д. 2004
215 ## - ФИЗИЧЕСКАЯ ХАРАКТЕРИСТИКА
Специфическое обозначение материала и объем 191 с.
Другие сведения о физической характеристике ил., цв. ил.
Размеры 25
300 ## - ОБЩИЕ ПРИМЕЧАНИЯ
Текст примечания Авт. указаны на обороте тит. л.
300 ## - ОБЩИЕ ПРИМЕЧАНИЯ
Текст примечания В надзаг. также: Науч. Совет по сан.-эпидемиол. охране территории Рос. Федерации, Федер. гос. учреждение Рос. науч.-исслед. противочум. ин-т "Микроб"
300 ## - ОБЩИЕ ПРИМЕЧАНИЯ
Текст примечания Рез. на англ. яз.
320 ## - ПРИМЕЧАНИЯ О НАЛИЧИИ В ДОКУМЕНТЕ БИБЛИОГРАФИИ / УКАЗАТЕЛЯ
Текст примечания Библиогр.: с. 185-189
606 0# - НАИМЕНОВАНИЕ ТЕМЫ КАК ПРЕДМЕТ
Наименование темы Чума
Тематический подзаголовок Природная очаговость
Географический подзаголовок Средняя Азия
Системный номер авторитетной/нормативной записи 2006789
Идентификатор авторитетной/нормативной записи RU\NLR\auth\661207656
606 0# - НАИМЕНОВАНИЕ ТЕМЫ КАК ПРЕДМЕТ
Наименование темы Чума
Тематический подзаголовок Природная очаговость
Географический подзаголовок Сибирь
Системный номер авторитетной/нормативной записи 2361536
Идентификатор авторитетной/нормативной записи RU\NLR\auth\661410159
606 0# - НАИМЕНОВАНИЕ ТЕМЫ КАК ПРЕДМЕТ
Наименование темы Чума
Тематический подзаголовок Природная очаговость
Географический подзаголовок Прикаспий
Системный номер авторитетной/нормативной записи 1190775
Идентификатор авторитетной/нормативной записи RU\NLR\auth\66162610
606 0# - НАИМЕНОВАНИЕ ТЕМЫ КАК ПРЕДМЕТ
Наименование темы Чума
Тематический подзаголовок Природная очаговость
Географический подзаголовок Кавказ
Системный номер авторитетной/нормативной записи 2003173
Идентификатор авторитетной/нормативной записи RU\NLR\auth\661205713
686 ## - ИНДЕКСЫ ДРУГИХ КЛАССИФИКАЦИЙ
Индекс Р194.78-053
686 ## - ИНДЕКСЫ ДРУГИХ КЛАССИФИКАЦИЙ
Индекс Р192.9(24)
686 ## - ИНДЕКСЫ ДРУГИХ КЛАССИФИКАЦИЙ
Индекс Р192.9(2Р355.7)
686 ## - ИНДЕКСЫ ДРУГИХ КЛАССИФИКАЦИЙ
Индекс Р192.9(257)
686 ## - ИНДЕКСЫ ДРУГИХ КЛАССИФИКАЦИЙ
Индекс Р192.9(2Р5)
701 #1 - ИМЯ ЛИЦА - АЛЬТЕРНАТИВНАЯ ОТВЕТСТВЕННОСТЬ
Код отношения Автор
Материалы, к которым относится поле rus
Графика поля Кириллица
Начальный элемент ввода Онищенко
Часть имени, кроме начального элемента ввода Г. Г.
Даты 1950-
Расширение инициалов личного имени Геннадий Григорьевич
Идентификатор авторитетной/нормативной записи RU\NLR\auth\7787928
Системный номер авторитетной/нормативной записи 70856
701 #1 - ИМЯ ЛИЦА - АЛЬТЕРНАТИВНАЯ ОТВЕТСТВЕННОСТЬ
Код отношения Автор
Материалы, к которым относится поле rus
Графика поля Кириллица
Начальный элемент ввода Кутырев
Часть имени, кроме начального элемента ввода В. В.
Расширение инициалов личного имени Владимир Викторович
Идентификатор авторитетной/нормативной записи RU\NLR\auth\7758067
Системный номер авторитетной/нормативной записи 40999
701 #1 - ИМЯ ЛИЦА - АЛЬТЕРНАТИВНАЯ ОТВЕТСТВЕННОСТЬ
Код отношения Автор
Материалы, к которым относится поле rus
Графика поля Кириллица
Начальный элемент ввода Федоров
Часть имени, кроме начального элемента ввода Ю. М.
Дополнения к именам, кроме дат д-р мед. наук
Расширение инициалов личного имени Юрий Михайлович
Идентификатор авторитетной/нормативной записи RU\NLR\auth\7755339
Системный номер авторитетной/нормативной записи 38271
712 02 - НАИМЕНОВАНИЕ ОРГАНИЗАЦИИ - ВТОРИЧНАЯ ОТВЕТСТВЕННОСТЬ
Код отношения Прочие
Начальный элемент ввода "Микроб", российский научно-исследовательский противочумный институт
Идентифицирующий признак Саратов
Идентификатор авторитетной/нормативной записи RU\NLR\AUTH\8810026499
Системный номер авторитетной/нормативной записи 551197
801 #0 - ИСТОЧНИК ЗАПИСИ
Страна российская федерация
Организация NLR
Дата составления 20050201
Правила каталогизации rcr
801 #1 - ИСТОЧНИК ЗАПИСИ
Страна российская федерация
Организация NLR
Дата составления 20050201
830 ## - ОБЩЕЕ ПРИМЕЧАНИЕ, СОСТАВЛЕННОЕ КАТАЛОГИЗАТОРОМ
Текст примечания Авт. по эк
942 ## - ДОПОЛНИТЕЛЬНЫЕ ЭЛЕМЕНТЫ ЗАПИСИ (АБИС)
Тип экземпляра АБИС Книга
980 ## - КОЛЛЕКЦИЯ
Название коллекции Национальная библиография
Экземпляры
Тип экземпляра Дата поступления Источник поступления Библиотека постоянного хранения Библиотека текущего хранения Место хранения Шифр хранения Штрих-код Статус не для выдачи
Книга 01.02.2005 Обязательный экземпляр РНБ (Московский) РНБ (Московский) Русский книжный фонд: издания с 1957 года, 3этаж 2005-7/400 1-4620029  
Книга 01.02.2005 Обязательный экземпляр РНБ (Московский) РНБ (Московский) Русский книжный фонд: издания с 1957 года, 3этаж 2005-7/400 842700